[Event "96th ch-GER Candidates"]
[Site "Munich GER"]
[Date "2025.05.18"]
[Round "2.3"]
[White "Braun, Georg"]
[Black "Gloeckler, Christian"]
[Result "1/2-1/2"]
[WhiteTitle "FM"]
[BlackTitle "FM"]
[WhiteElo "2385"]
[BlackElo "2429"]
[WhiteFideId "24629383"]
[BlackFideId "34608966"]
[EventDate "2025.05.17"]

1. d4 Nf6 2. Nf3 d5 3. e3 c5 4. a3 e6 5. b3 Nbd7 6. Bb2 b6 7. Nbd2 Bb7 8. Bd3
Be7 9. O-O O-O 10. Ne5 cxd4 11. exd4 Ne4 12. Bxe4 dxe4 13. Qe2 f5 14. Ndc4 Nf6
15. f4 exf3 16. Nxf3 Ne4 17. Nce5 Bf6 18. Rad1 Qc7 19. c4 Rad8 20. a4 g5 21. Nd3
g4 22. Nfe5 Qe7 23. Qe3 Qd6 24. b4 Bg5 25. Qe1 h5 26. Nf4 h4 27. d5 exd5 28.
cxd5 g3 29. hxg3 Qh6 30. Ng4 Qh7 31. Ne6 Qh5 32. Nxg5 Qxg5 33. Nf2 Nxf2 34. Qxf2
hxg3 35. Qf4 Qxf4 36. Rxf4 Rxd5 37. Rxd5 Bxd5 38. Be5 Rc8 39. Rxf5 Rc1+ 40. Rf1
Rc2 41. Rd1 Be4 42. Re1 Bb7 43. Rd1 Kf8 44. Kf1 Rf2+ 45. Ke1 Rxg2 46. Rd7 Bf3
47. Bxg3 Rxg3 48. Rxa7 Rg6 49. b5 Bd5 50. Kd2 Ke8 51. Kc3 Rg4 52. a5 bxa5 53.
Rxa5 Kd7 54. Ra6 Kc7 55. Rh6 Rc4+ 56. Kd3 Rb4 57. Rf6 Rxb5 58. Kd4 Bc6 59. Rf7+
Kb6 60. Rf2 Rb4+ 61. Ke5 Re4+ 62. Kd6 Rd4+ 63. Ke5 Rd5+ 64. Ke4 Kc5 65. Rc2+ Kd6
66. Rf2 Ke6 67. Ke3 Ra5 68. Rh2 Ra4 69. Rh6+ Kd5 70. Rh5+ Kd6 71. Rh6+ Kc5 72.
Rh5+ Bd5 73. Rh2 Re4+ 74. Kd3 Rf4 75. Rc2+ Kd6 76. Rh2 Be4+ 77. Kd4 Bf5+ 78. Ke3
Rb4 79. Ra2 Be6 80. Ra5 Bd5 81. Ra7 Ke5 82. Re7+ Be6 83. Re8 Rb3+ 84. Ke2 Kd5
85. Kf2 Bf5 86. Re3 Rb4 87. Kf3 Be4+ 88. Kf4 Rb1 89. Ra3 Rf1+ 90. Kg5 Ke5 91.
Ra5+ Bd5 92. Rb5 Rg1+ 93. Kh5 Rg8 94. Ra5 Ke4 95. Kh6 Rg3 96. Rb5 Ke5 97. Kh5
Ke4 98. Kh6 Be6 99. Rg5 Ra3 100. Rb5 Kf4 101. Kg6 Ra6 102. Rb4+ Bc4+ 103. Kg7
Rc6 104. Ra4 Ke5 105. Ra1 Rc7+ 106. Kg6 Bd3+ 107. Kg5 Rg7+ 1/2-1/2

[Event "96th ch-GER Candidates"]
[Site "Munich GER"]
[Date "2025.05.18"]
[Round "2.4"]
[White "Spitzl, Vinzent"]
[Black "Hertneck, Gerald"]
[Result "1/2-1/2"]
[WhiteTitle "FM"]
[BlackTitle "GM"]
[WhiteElo "2355"]
[BlackElo "2420"]
[WhiteFideId "12901253"]
[BlackFideId "4600088"]
[EventDate "2025.05.17"]

1. e4 e6 2. d4 d5 3. e5 c5 4. c3 Nc6 5. Nf3 Bd7 6. Be2 Nge7 7. Na3 cxd4 8. cxd4
Nf5 9. Nc2 Be7 10. O-O O-O 11. Bd2 Rc8 12. Bd3 f6 13. Bxf5 exf5 14. Re1 Be8 15.
Bc3 Bh5 16. Qd2 Bxf3 17. gxf3 Qe8 18. f4 Qh5 19. Qd1 Qg4+ 20. Qxg4 fxg4 21. Ne3
fxe5 22. Nxd5 e4 23. Rxe4 Bd6 24. Rae1 h5 25. Ne3 Rxf4 26. Nc4 Rxe4 27. Rxe4 Bf8
28. d5 Nd8 29. Ne3 Nf7 30. Rc4 Rxc4 31. Nxc4 b5 32. Ne5 Ng5 33. Kg2 a6 34. f3
gxf3+ 35. Nxf3 Ne4 36. Bd4 g5 37. h3 Bd6 38. Be3 g4 39. hxg4 hxg4 40. Nd4 Nf6
41. Nf5 Nxd5 42. Nh6+ Kg7 43. Nxg4 Nxe3+ 44. Nxe3 Kf6 45. Kf3 Ke5 46. Nc2 Kd5
47. b3 Bc5 48. Ke2 Ke4 49. Kd2 a5 50. a4 bxa4 51. bxa4 Bb4+ 1/2-1/2

[Event "96th ch-GER Candidates"]
[Site "Munich GER"]
[Date "2025.05.18"]
[Round "2.5"]
[White "Hagner, Bennet"]
[Black "Besou, Hussain"]
[Result "1/2-1/2"]
[WhiteTitle "IM"]
[BlackTitle "FM"]
[WhiteElo "2418"]
[BlackElo "2351"]
[WhiteFideId "16224477"]
[BlackFideId "16269950"]
[EventDate "2025.05.17"]

1. d4 Nf6 2. c4 e6 3. Nf3 d5 4. Nc3 Nbd7 5. cxd5 exd5 6. Bf4 c6 7. h3 Ne4 8. Qc2
Bd6 9. Bxd6 Nxd6 10. e3 O-O 11. Bd3 g6 12. Rc1 Nf6 13. g4 Qe7 14. Ne2 Nfe4 15.
Nf4 f5 16. g5 Nxg5 17. Nxg5 Qxg5 18. h4 Qf6 19. Ke2 Re8 20. Qa4 Bd7 21. Rcg1
Rad8 22. Qxa7 Ra8 23. Qb6 Rxa2 24. Kf3 Ne4 25. Qxb7 Qd6 26. Ra1 Rxa1 27. Rxa1
Qe7 28. Ke2 Nxf2 29. Kxf2 Qxe3+ 30. Kg2 Qd2+ 31. Kh1 Qxf4 32. Qxd7 Qxh4+ 33. Kg2
Qg4+ 34. Kh2 Qf4+ 35. Kg2 Qd2+ 36. Kh1 Qh6+ 37. Kg2 Qg5+ 38. Kf1 Qf4+ 39. Kg2
Qg4+ 40. Kh2 Qh4+ 1/2-1/2

[Event "96th ch-GER Candidates"]
[Site "Munich GER"]
[Date "2025.05.18"]
[Round "2.6"]
[White "Vavulin, Maxim"]
[Black "Lippert, Daniel"]
[Result "1-0"]
[WhiteTitle "GM"]
[WhiteElo "2542"]
[BlackElo "2227"]
[WhiteFideId "4169530"]
[BlackFideId "16261895"]
[EventDate "2025.05.17"]

1. e4 c5 2. Nf3 d6 3. d4 cxd4 4. Nxd4 Nf6 5. Nc3 Nc6 6. Bc4 e6 7. Be3 Bd7 8. Bb3
Nxd4 9. Qxd4 Be7 10. g4 O-O 11. g5 Ng4 12. h4 b5 13. Rg1 Nxe3 14. Qxe3 a5 15. a4
bxa4 16. Nxa4 Rb8 17. O-O-O Bxa4 18. Bxa4 Rb4 19. Rd4 Qb6 20. Rgd1 d5 21. Rxb4
Qxb4 22. Bc6 Rb8 23. Qd4 Qxd4 24. Rxd4 Bc5 25. Rd2 dxe4 26. Bxe4 g6 27. c3 Kf8
28. Bc6 Rb6 29. Be4 Ke7 30. Kc2 Rd6 31. Re2 f6 32. Kb3 Bb6 33. Kc4 Bd8 34. Kc5
Bb6+ 35. Kb5 Bc7 36. f3 Rb6+ 37. Kc5 Rb8 38. Bd5 Be5 39. Ba2 Bd6+ 40. Kc6 Be5
41. f4 Rc8+ 42. Kb7 Rb8+ 43. Ka7 Bxf4 44. Rxe6+ Kd7 45. gxf6 Rxb2 46. f7 Bh6 47.
Bd5 a4 48. Ra6 Rc2 49. c4 Rh2 50. Ka8 Bf8 51. Ra7+ Kd6 52. Kb7 Rxh4 53. Ra8 Be7
54. Rxa4 Kc5 55. Kc7 Rh2 56. Kd7 Bf8 57. Ra8 Bh6 58. Rc8+ Kd4 59. Be6 Ra2 60. c5
Ra7+ 61. Kd6 Bf4+ 62. Kc6 Bh6 63. Kb6 Ra1 64. c6 Ke5 65. Bc4 Be3+ 66. Kc7 Bh6
67. Kd7 Ra7+ 68. c7 Kd4 69. Be6 Kc5 70. f8=Q+ Bxf8 71. Rxf8 1-0

[Event "96th ch-GER Candidates"]
[Site "Munich GER"]
[Date "2025.05.18"]
[Round "2.7"]
[White "Zuferi, Enis"]
[Black "Herbrig, Alexander"]
[Result "1-0"]
[WhiteTitle "FM"]
[BlackTitle "FM"]
[WhiteElo "2351"]
[BlackElo "2297"]
[WhiteFideId "24692530"]
[BlackFideId "12952044"]
[EventDate "2025.05.17"]

1. e4 c5 2. Nf3 Nc6 3. d4 cxd4 4. Nxd4 Nf6 5. Nc3 e6 6. Ndb5 Bc5 7. Bf4 O-O 8.
Bc7 Qe7 9. Bd6 Bxd6 10. Qxd6 Qd8 11. O-O-O a6 12. Nd4 Ne7 13. a4 Ne8 14. Qb4 d6
15. e5 d5 16. Bd3 a5 17. Qa3 Nc7 18. h4 Nc6 19. Nf3 Nb4 20. h5 Bd7 21. h6 g6 22.
Be2 Rb8 23. Nb5 Nc6 24. Kb1 Nxb5 25. axb5 Na7 26. Nd4 b6 27. f4 Rc8 28. Qd6 Rc5
29. f5 Nc8 30. Qb8 exf5 31. Bf3 Be6 32. Nc6 Qd7 33. c4 Rxc4 34. Rc1 Rxc1+ 35.
Rxc1 g5 36. Nd4 Qa7 37. Qxa7 Nxa7 38. Rc7 Nc8 39. Bh5 f4 40. Nxe6 fxe6 41. Bg4 1-0

[Event "96th ch-GER Candidates"]
[Site "Munich GER"]
[Date "2025.05.18"]
[Round "2.8"]
[White "Koepke, Christian"]
[Black "Sauer, Tim"]
[Result "1-0"]
[WhiteTitle "IM"]
[WhiteElo "2328"]
[BlackElo "2139"]
[WhiteFideId "4655737"]
[BlackFideId "16265726"]
[EventDate "2025.05.17"]

1. e4 c5 2. c3 d5 3. exd5 Qxd5 4. Nf3 Nf6 5. Na3 a6 6. Be2 e6 7. Nc4 Nbd7 8. d4
cxd4 9. Nxd4 Bc5 10. O-O O-O 11. Nb3 Be7 12. Bf4 Qc6 13. Nba5 Qb5 14. Nb3 Qc6
15. Bd6 Bxd6 16. Qxd6 Qxd6 17. Nxd6 Rd8 18. Rfd1 Rb8 19. Rd2 Kf8 20. Rad1 Ke7
21. Na5 Rf8 22. Bxa6 Nc5 23. Be2 Ra8 24. b4 Nce4 25. Nxe4 Nxe4 26. Rd3 b6 27.
Nc6+ Kf6 28. Rf3+ Kg5 29. h4+ Kh6 30. Ne5 f5 31. Bc4 Bb7 32. Rd7 Rab8 33. Re3
Bc8 34. Re7 Nd6 35. Bxe6 Bb7 36. Rd3 Ne8 37. Nd7 Be4 38. Rd4 Rb7 39. f3 Bc6 40.
Bb3 Rh8 41. Re6+ 1-0

[Event "96th ch-GER Candidates"]
[Site "Munich GER"]
[Date "2025.05.18"]
[Round "2.9"]
[White "Saglam, Buelent"]
[Black "Kocharin, Timur"]
[Result "1-0"]
[BlackTitle "FM"]
[WhiteElo "2114"]
[BlackElo "2324"]
[WhiteFideId "24694827"]
[BlackFideId "16240936"]
[EventDate "2025.05.17"]

1. Nf3 c5 2. c4 Nc6 3. d4 cxd4 4. Nxd4 Nf6 5. Nc3 e6 6. e4 Bb4 7. f3 d5 8. exd5
exd5 9. Qe2+ Be7 10. Be3 O-O 11. O-O-O Re8 12. Qd2 Nxd4 13. Qxd4 dxc4 14. Qf4
Qa5 15. Bxc4 Bd7 16. Rxd7 Nxd7 17. Bxf7+ Kh8 18. Bxe8 Rxe8 19. Qf7 Nf6 20. Bd4
Qd8 21. Rd1 Rf8 22. Qe6 Qc7 23. Be5 Qc5 24. Bd4 Qc7 25. Bxa7 Bb4 26. Qb6 Qf4+
27. Rd2 Bxc3 28. bxc3 Re8 29. Qd4 Qxh2 30. Qd6 Qh1+ 31. Kb2 Qe1 32. Bf2 Qf1 33.
Bd4 Qb5+ 34. Qb4 Qg5 35. Rc2 Nd7 36. a4 Qd5 37. Qb5 Qe6 38. Rd2 b6 39. Bxg7+
Kxg7 40. Qxd7+ 1-0

[Event "96th ch-GER Candidates"]
[Site "Munich GER"]
[Date "2025.05.18"]
[Round "2.10"]
[White "Krastev, Alexander"]
[Black "Grossmann, Piet"]
[Result "1-0"]
[WhiteTitle "IM"]
[WhiteElo "2426"]
[BlackElo "2063"]
[WhiteFideId "12989983"]
[BlackFideId "16234359"]
[EventDate "2025.05.17"]

1. e4 e6 2. Nf3 d5 3. e5 Bd7 4. c3 c5 5. g3 Qb6 6. Bg2 Bb5 7. d3 Qa6 8. Bf1 Nd7
9. a4 Bc6 10. d4 Qb6 11. a5 Qc7 12. Bd3 c4 13. Bc2 h6 14. h4 Bb5 15. h5 Be7 16.
Nh4 O-O-O 17. Qg4 Bf8 18. f4 Ne7 19. O-O Nc6 20. Kh2 Be7 21. f5 Ncxe5 22. dxe5
Nxe5 23. Qh3 d4 24. Bf4 Bxh4 25. gxh4 d3 26. Bd1 Bc6 27. Nd2 g5 28. hxg6 fxg6
29. Nxc4 Bg2 30. Qxg2 Qxc4 31. Bxe5 gxf5 32. Ra4 1-0

[Event "96th ch-GER Candidates"]
[Site "Munich GER"]
[Date "2025.05.18"]
[Round "2.11"]
[White "Polster, Christian"]
[Black "Ollenberger, Roland"]
[Result "1-0"]
[WhiteTitle "FM"]
[BlackTitle "FM"]
[WhiteElo "2295"]
[BlackElo "2206"]
[WhiteFideId "12965081"]
[BlackFideId "24608440"]
[EventDate "2025.05.17"]

1. e4 c5 2. Nf3 d6 3. Nc3 Nf6 4. g3 Nc6 5. Bg2 e5 6. O-O Be7 7. d3 O-O 8. Nd2
Nd4 9. Nc4 Bg4 10. f3 Be6 11. Bg5 Ne8 12. Bxe7 Qxe7 13. f4 f6 14. Ne3 Nc7 15. f5
Bf7 16. Ncd5 Qd8 17. c3 Nc6 18. Bf3 Nxd5 19. exd5 Ne7 20. Be4 b5 21. Rf2 Qb6 22.
Qf3 Rac8 23. c4 Rb8 24. g4 bxc4 25. dxc4 Qa6 26. Qd1 Rb6 27. h4 Qb7 28. Qc2 Rb8
29. Rb1 Qa6 30. b3 Qb7 31. g5 Kh8 32. Qe2 a5 33. g6 Be8 34. gxh7 Kxh7 35. Rg2
Ng8 36. Kh2 a4 37. Bc2 axb3 38. axb3 Ra8 39. Rbg1 Ra7 40. Rg6 Ra2 41. Qh5+ Nh6
42. Rxh6+ gxh6 43. Qxe8 1-0

[Event "96th ch-GER Candidates"]
[Site "Munich GER"]
[Date "2025.05.18"]
[Round "2.12"]
[White "Hoppstaedter, Daniel"]
[Black "Zackrisson, Peter"]
[Result "0-1"]
[WhiteElo "2161"]
[BlackElo "2288"]
[WhiteFideId "16243625"]
[BlackFideId "16282078"]
[EventDate "2025.05.17"]

1. c4 Nf6 2. g3 g6 3. Bg2 Bg7 4. Nc3 O-O 5. Nf3 d6 6. d3 h6 7. O-O e5 8. Rb1 a5
9. a3 Re8 10. e4 Bg4 11. Be3 Nc6 12. Qd2 Bxf3 13. Bxf3 Kh7 14. b4 axb4 15. axb4
Nd4 16. Bxd4 exd4 17. Ne2 Nd7 18. Bg2 Ra4 19. Bh3 Qe7 20. f4 Rea8 21. Kg2 Ra3
22. Bxd7 Qxd7 23. f5 Be5 24. fxg6+ fxg6 25. Rf2 Ra2 26. Rb2 Ra1 27. Nc1 Kg7 28.
Ra2 R8xa2 29. Nxa2 Qg4 30. b5 h5 31. Qe2 c5 32. bxc6 Qxe2 33. Rxe2 bxc6 34. Nb4
c5 35. Nc2 Rd1 36. Ne1 Kh6 37. Kf2 h4 38. Kg2 Kh5 39. Kh3 g5 40. g4+ Kg6 41. Kg2
Bf4 42. Kh3 Kf6 43. Kg2 Ke6 44. Kh3 Kd7 45. Kg2 Kc6 46. Kh3 Kb6 47. Kg2 Ka5 48.
Kh3 Kb4 49. Kg2 Kb3 50. Kh3 Rd2 51. Rxd2 Bxd2 52. Nf3 Bf4 53. Nxh4 gxh4 54. Kxh4
Bxh2 0-1

[Event "96th ch-GER Candidates"]
[Site "Munich GER"]
[Date "2025.05.18"]
[Round "2.13"]
[White "Pfrommer, Christoph"]
[Black "Steffens, Olaf"]
[Result "1-0"]
[WhiteTitle "FM"]
[BlackTitle "FM"]
[WhiteElo "2272"]
[BlackElo "2184"]
[WhiteFideId "4603290"]
[BlackFideId "4630564"]
[EventDate "2025.05.17"]

1. d4 b5 2. e4 a6 3. Bd3 e6 4. Ne2 c5 5. c3 Bb7 6. O-O Nf6 7. Nd2 Nc6 8. a3 Qb6
9. Nf3 c4 10. Bc2 Na5 11. Ng3 Be7 12. Re1 h5 13. Bg5 Ng4 14. Bxe7 Kxe7 15. Qd2
f6 16. h3 Nh6 17. Nxh5 Nf7 18. Ng3 Nb3 19. Bxb3 cxb3 20. Qd1 g5 21. Nh2 d5 22.
Qxb3 dxe4 23. Nxe4 Qc6 24. f3 g4 25. Nxg4 f5 26. Nc5 Qd5 27. Qxd5 Bxd5 28. Ne3
Bxf3 29. Nxf5+ Kf6 30. Ng3 Ng5 31. Nge4+ Nxe4 32. Nxe4+ Kf5 33. gxf3 Kf4 34. Kh2
Rh5 35. Nd2 Rah8 36. Re4+ Kf5 37. Re5+ Kf4 38. Rxh5 Rxh5 39. Re1 1-0

[Event "96th ch-GER Candidates"]
[Site "Munich GER"]
[Date "2025.05.18"]
[Round "2.14"]
[White "Maier, Alexander"]
[Black "Philipp, Mathias"]
[Result "0-1"]
[WhiteTitle "IM"]
[BlackTitle "CM"]
[WhiteElo "2226"]
[BlackElo "2159"]
[WhiteFideId "4617061"]
[BlackFideId "12958883"]
[EventDate "2025.05.17"]

1. e4 c5 2. b3 d6 3. Bb2 Nf6 4. Bb5+ Bd7 5. Bxd7+ Qxd7 6. Bxf6 gxf6 7. Qh5 Nc6
8. Ne2 Rg8 9. O-O Rg5 10. Qf3 f5 11. Nbc3 O-O-O 12. exf5 Rxf5 13. Qh3 h6 14. Ng3
Rf4 15. Qxd7+ Kxd7 16. Nce2 Rg4 17. f3 Rg8 18. Rad1 e6 19. Nh5 Kc7 20. f4 d5 21.
c3 f5 22. d3 b5 23. Rfe1 Rg6 24. Kf1 b4 25. Rc1 a5 26. d4 Kb6 27. Rc2 bxc3 28.
dxc5+ Bxc5 29. Nxc3 Ba3 30. Na4+ Kb7 31. Nc5+ Bxc5 32. Rxc5 Kb6 33. Rc2 Rd6 34.
a3 Nd4 35. Rb2 Rc6 36. a4 Nc2 37. Re2 Nb4 38. Rbd2 Rc3 39. Rd1 Kc5 40. Rde1 Nd3
41. Rb1 Kb4 42. Rd2 Nc1 43. Ng3 Rg4 44. Rd1 Rxf4+ 45. Kg1 Nxb3 46. Ne2 Re4 47.
Nxc3 Kxc3 48. Rf1 d4 49. Rf3+ Re3 50. Rxe3+ dxe3 51. Re1 Kd2 52. Rb1 Nc1 53.
Rb2+ Kd1 54. Rb6 Nd3 55. Rd6 Kd2 0-1

[Event "96th ch-GER Candidates"]
[Site "Munich GER"]
[Date "2025.05.18"]
[Round "2.15"]
[White "Manucharyan, Andriy"]
[Black "Voicu-Jagodzinsky, Carmen"]
[Result "0-1"]
[BlackTitle "WGM"]
[WhiteElo "2141"]
[BlackElo "2220"]
[WhiteFideId "16260910"]
[BlackFideId "1206729"]
[EventDate "2025.05.17"]

1. d4 Nf6 2. c4 e6 3. g3 c5 4. d5 exd5 5. cxd5 d6 6. Nc3 g6 7. Bg2 Bg7 8. Nf3
O-O 9. O-O Re8 10. Bf4 h6 11. Qc1 g5 12. Be3 Bf5 13. h4 g4 14. Nd2 Rxe3 15. fxe3
Bg6 16. Nc4 Qe7 17. e4 Nh5 18. Kh2 Nd7 19. a4 Nb6 20. Nxb6 Be5 21. Rf4 Bxf4 22.
gxf4 Qxh4+ 23. Kg1 axb6 24. f5 Kg7 25. fxg6 fxg6 26. Qe3 g3 27. Bf3 Rf8 28. Kf1
g5 29. Ke1 g4 30. Kd2 gxf3 31. exf3 Qh2+ 32. Ne2 Nf4 33. Re1 g2 34. Ng1 Qh5 35.
Kc2 Qe5 36. Ne2 Kh7 37. Rg1 h5 38. Qf2 Nh3 39. Qxg2 Nxg1 40. Nxg1 Rg8 41. Qh1
Qg5 42. Ne2 Kh6 43. Qh2 Rg6 44. Qf2 Kg7 45. f4 Qg2 46. Qe3 h4 47. Kb1 h3 0-1

[Event "96th ch-GER Candidates"]
[Site "Munich GER"]
[Date "2025.05.18"]
[Round "2.16"]
[White "Mueller, Thorsten"]
[Black "Miller, Eduard"]
[Result "0-1"]
[BlackTitle "FM"]
[WhiteElo "2034"]
[BlackElo "2338"]
[WhiteFideId "4653319"]
[BlackFideId "24687022"]
[EventDate "2025.05.17"]

1. d4 Nf6 2. Nf3 g6 3. Bf4 Bg7 4. e3 O-O 5. Be2 d6 6. O-O Nc6 7. h3 e5 8. Bh2
Qe7 9. Re1 a6 10. Bf1 b6 11. c3 Bb7 12. a4 Rae8 13. Na3 h6 14. Nc4 e4 15. Nfd2
Nh7 16. Qb3 Kh8 17. Qa3 f5 18. b4 Nb8 19. b5 a5 20. Nxa5 bxa5 21. Nc4 g5 22.
Nxa5 Ba8 23. Nc4 f4 24. a5 Nd7 25. b6 d5 26. Nd2 cxb6 27. axb6 Qxa3 28. Rxa3
Nxb6 29. Rb1 Nd7 30. Ra7 Bc6 31. c4 Ra8 32. Rba1 fxe3 33. fxe3 Nhf6 34. Bd6 Rfc8
35. c5 Bf8 36. Rxa8 Rxa8 37. Rxa8 Bxa8 38. Bc7 Bc6 39. Nb3 Ba4 40. Na5 Ne8 41.
Bg3 Kg8 42. Ba6 Kf7 43. Bc8 Nxc5 44. dxc5 Bxc5 45. Bf2 Bb4 46. Nb7 Ke7 47. h4
Bd7 48. Bxd7 Kxd7 49. hxg5 hxg5 50. Bg3 Kc8 0-1

[Event "96th ch-GER Candidates"]
[Site "Munich GER"]
[Date "2025.05.19"]
[Round "3.1"]
[White "Kunin, Vitaly"]
[Black "Poetsch, Hagen"]
[Result "1-0"]
[WhiteTitle "GM"]
[BlackTitle "GM"]
[WhiteElo "2497"]
[BlackElo "2484"]
[WhiteFideId "4128737"]
[BlackFideId "24615137"]
[EventDate "2025.05.17"]

1. d4 Nf6 2. c4 e6 3. Nf3 d5 4. Bg5 dxc4 5. Qa4+ Nbd7 6. e4 Be7 7. Nc3 O-O 8.
Bxc4 c5 9. Rd1 Nb6 10. Qb3 Nfd7 11. Be3 cxd4 12. Bxd4 Qc7 13. Be2 e5 14. Be3 Nc5
15. Qc2 Nca4 16. Bd2 Be6 17. O-O f6 18. Rc1 Nxc3 19. Bxc3 Rac8 20. Qb1 Qb8 21.
h3 Na4 22. Bd2 b5 23. b3 Nc5 24. Be3 Na6 25. a4 Nc7 26. axb5 Nxb5 27. Bc4 Bxc4
28. bxc4 Nd6 29. Qa2 Nf7 30. c5 Rc7 31. Rfd1 Rfc8 32. Rd5 Kf8 33. h4 Nd8 34. h5
Ne6 35. Nxe5 fxe5 36. Rxe5 Nxc5 37. Rf5+ Ke8 38. Qg8+ Kd7 39. Rd5+ Kc6 40.
Rdxc5+ 1-0

[Event "96th ch-GER Candidates"]
[Site "Munich GER"]
[Date "2025.05.19"]
[Round "3.2"]
[White "Spitzl, Vinzent"]
[Black "Vavulin, Maxim"]
[Result "0-1"]
[WhiteTitle "FM"]
[BlackTitle "GM"]
[WhiteElo "2355"]
[BlackElo "2542"]
[WhiteFideId "12901253"]
[BlackFideId "4169530"]
[EventDate "2025.05.17"]

1. e4 g6 2. d4 Bg7 3. Nf3 d6 4. Bc4 c6 5. O-O Nf6 6. e5 Nd5 7. Nc3 Nb6 8. Bb3 a5
9. exd6 Qxd6 10. Ne4 Qd8 11. a4 O-O 12. h3 Na6 13. c3 Nd5 14. Re1 b6 15. Bd2
Nac7 16. Ng3 Bb7 17. Qe2 e6 18. Bg5 Bf6 19. Bh6 Bg7 20. Bg5 Qc8 21. Qd2 Ba6 22.
h4 f6 23. Bh6 Qd7 24. Bxg7 Kxg7 25. Ne4 Qe7 26. c4 Nb4 27. c5 Nd3 28. cxb6 Nd5
29. Nc5 Nxe1 30. Rxe1 e5 31. Qc1 Nf4 32. Qxf4 Qxc5 33. Qxf6+ Kxf6 34. dxc5 Rfe8
35. Ng5 Bd3 36. Nf7 e4 37. Nd6 Re7 38. Rc1 Ke5 39. Bd1 Kd4 40. Bg4 Re5 41. Nb7
Re7 42. Nd6 Ba6 43. Bf5 Re5 44. Bxe4 Rxe4 45. Nxe4 Kxe4 46. Rd1 Bd3 47. f3+ Ke3
48. Kh2 h5 49. Kg3 Rf8 50. f4 Kd4 51. Kf3 Kc4 52. b3+ Kc3 53. Ke3 Re8+ 54. Kf2
Re2+ 55. Kf3 Kc2 56. b7 Re8 57. Re1 Rb8 58. Re6 Rxb7 59. Rxc6 Rxb3 60. Rd6 Bf5+
61. Kf2 Rc3 62. c6 Kb3 63. g4 hxg4 64. h5 gxh5 65. Rd5 g3+ 0-1

[Event "96th ch-GER Candidates"]
[Site "Munich GER"]
[Date "2025.05.19"]
[Round "3.3"]
[White "Gloeckler, Christian"]
[Black "Zuferi, Enis"]
[Result "1/2-1/2"]
[WhiteTitle "FM"]
[BlackTitle "FM"]
[WhiteElo "2429"]
[BlackElo "2351"]
[WhiteFideId "34608966"]
[BlackFideId "24692530"]
[EventDate "2025.05.17"]

1. e4 c5 2. Nf3 d6 3. d4 cxd4 4. Nxd4 Nf6 5. Nc3 a6 6. Be3 e5 7. Nf3 Be7 8. Bc4
O-O 9. O-O Nc6 10. Bg5 Be6 11. Qe2 Na5 12. Bb3 Nxb3 13. axb3 Nd7 14. Qd2 Rc8 15.
Rad1 Rc6 16. b4 Bxg5 17. Nxg5 Bc4 18. Rfe1 h6 19. Nf3 Qc7 20. Re3 Nf6 21. b3 Be6
22. b5 Rc5 23. bxa6 bxa6 24. Ne1 Rc6 25. Ne2 Rb8 26. c4 Rcb6 27. Qc2 Qb7 28. Nc1
a5 29. h3 Qa6 30. c5 dxc5 31. Qxc5 Rb5 32. Qc2 Qb7 33. Ned3 Nxe4 34. Rde1 Nf6
35. Nxe5 Bxb3 36. Nxb3 Rxb3 37. Rxb3 Qxb3 38. Qxb3 Rxb3 39. Ra1 Ne4 40. f3 Nd6 1/2-1/2

[Event "96th ch-GER Candidates"]
[Site "Munich GER"]
[Date "2025.05.19"]
[Round "3.4"]
[White "Hertneck, Gerald"]
[Black "Koepke, Christian"]
[Result "1-0"]
[WhiteTitle "GM"]
[BlackTitle "IM"]
[WhiteElo "2420"]
[BlackElo "2328"]
[WhiteFideId "4600088"]
[BlackFideId "4655737"]
[EventDate "2025.05.17"]

1. d4 d5 2. c4 e6 3. cxd5 exd5 4. Nc3 a6 5. Bf4 Nf6 6. e3 Bd6 7. Bg5 c6 8. Bd3
O-O 9. Nge2 Re8 10. Qc2 h6 11. Bh4 a5 12. a3 Na6 13. h3 Nc7 14. O-O Ne6 15. f3
Ng5 16. f4 Ne6 17. Rf3 Nf8 18. Raf1 Be7 19. Bf2 Bd7 20. Ng3 N8h7 21. Nf5 Bf8 22.
Bh4 g6 23. Ng3 Be7 24. Bxf6 Nxf6 25. Nge2 Bf8 26. Kh1 b5 27. Ng3 b4 28. axb4
axb4 29. Na4 b3 30. Qxb3 Ne4 31. Bxe4 dxe4 32. R3f2 Qh4 33. Ne2 Reb8 34. Qc2 Ra5
35. Nc5 Bf5 36. Kh2 Bd6 37. Ng3 Bxc5 38. dxc5 Qe7 39. Rc1 Rbb5 40. Qd2 Rxc5 41.
Rxc5 Rxc5 42. Qb4 Kf8 43. Rd2 Rd5 44. Qc3 Qc5 45. Rxd5 Qxc3 46. Rd8+ Ke7 47.
bxc3 Kxd8 48. Nxf5 gxf5 49. Kg3 Ke7 50. Kh4 Kd6 51. Kh5 Kc5 52. Kxh6 Kc4 53. h4
Kd3 54. Kg5 Kxe3 55. h5 Kd3 56. h6 e3 57. h7 e2 58. h8=Q e1=Q 59. Qh3+ Kc4 60.
Qxf5 Qg3+ 61. Kf6 Qxg2 62. Kxf7 Kxc3 63. Qc5+ Kd3 64. f5 Qg5 65. Qd6+ Ke4 66. f6
c5 67. Qe6+ Kd4 68. Ke8 Qg6+ 69. Kd7 c4 70. f7 Qh7 71. Kc6 Qh1+ 72. Kb6 Qb1+ 73.
Kc7 Qh7 74. Qf6+ Ke3 75. Kb6 Qb1+ 76. Kc5 1-0

[Event "96th ch-GER Candidates"]
[Site "Munich GER"]
[Date "2025.05.19"]
[Round "3.5"]
[White "Miller, Eduard"]
[Black "Hagner, Bennet"]
[Result "0-1"]
[WhiteTitle "FM"]
[BlackTitle "IM"]
[WhiteElo "2338"]
[BlackElo "2418"]
[WhiteFideId "24687022"]
[BlackFideId "16224477"]
[EventDate "2025.05.17"]

1. Nf3 d5 2. g3 e6 3. Bg2 Be7 4. O-O a5 5. a4 Nf6 6. d3 O-O 7. Na3 h6 8. c3 Nbd7
9. Nd4 Re8 10. e4 Bf8 11. exd5 exd5 12. h3 Nc5 13. g4 c6 14. Nac2 Nfd7 15. f4
Qc7 16. Qf3 b6 17. Rf2 Ba6 18. Bf1 Nb7 19. g5 hxg5 20. Rg2 Nd6 21. Rxg5 c5 22.
Nb5 Nxb5 23. axb5 Bxb5 24. Ne3 Nf6 25. Bg2 Bxd3 26. Nxd5 Nxd5 27. Qxd3 Re1+ 28.
Kh2 Nxf4 29. Qg3 Bd6 30. Bxa8 Nh5 0-1

[Event "96th ch-GER Candidates"]
[Site "Munich GER"]
[Date "2025.05.19"]
[Round "3.6"]
[White "Besou, Hussain"]
[Black "Garner, Isaac"]
[Result "1/2-1/2"]
[WhiteTitle "FM"]
[WhiteElo "2351"]
[BlackElo "2399"]
[WhiteFideId "16269950"]
[BlackFideId "16239261"]
[EventDate "2025.05.17"]

1. d4 Nf6 2. c4 e6 3. Nc3 Bb4 4. e3 O-O 5. Bd3 d5 6. a3 dxc4 7. Bxc4 Be7 8. Nf3
c5 9. O-O a6 10. Bd3 Nbd7 11. Bc2 b5 12. e4 cxd4 13. Qxd4 Qb6 14. Qd3 Qc7 15.
Bg5 Rd8 16. Qe2 Bb7 17. Rac1 Rac8 18. Bb1 Qb8 19. h3 Ne5 20. Nxe5 Qxe5 21. Bh4
Qf4 22. Bg3 Qd2 23. Qxd2 Rxd2 24. b4 Rd4 25. f3 Rdc4 26. Ne2 a5 27. Bd3 Rxc1 28.
Rxc1 axb4 29. Rxc8+ Bxc8 30. axb4 Bxb4 31. Bxb5 Bd7 32. Bxd7 Nxd7 33. Bf2 Bc5
34. Bxc5 Nxc5 35. Kf2 Kf8 36. Ke3 Ke7 37. h4 Nd7 38. Kd4 Kd6 39. Nc3 f6 40. Nb5+
Ke7 1/2-1/2

[Event "96th ch-GER Candidates"]
[Site "Munich GER"]
[Date "2025.05.19"]
[Round "3.7"]
[White "Saglam, Buelent"]
[Black "Braun, Georg"]
[Result "0-1"]
[BlackTitle "FM"]
[WhiteElo "2114"]
[BlackElo "2385"]
[WhiteFideId "24694827"]
[BlackFideId "24629383"]
[EventDate "2025.05.17"]

1. d4 Nf6 2. c4 e6 3. Nf3 c5 4. d5 exd5 5. cxd5 d6 6. Nc3 g6 7. Nd2 Nbd7 8. e4
Bg7 9. Be2 O-O 10. O-O Re8 11. Re1 Rb8 12. a4 g5 13. Bb5 a6 14. Bxd7 Nxd7 15.
Nc4 Nf8 16. Qh5 h6 17. h4 b5 18. axb5 axb5 19. Na5 Bd7 20. hxg5 Ra8 21. Nb3 Rxa1
22. Nxa1 hxg5 23. Bxg5 Qa5 24. Bd2 b4 25. Nb3 Qa6 26. Nd1 Qd3 27. Re3 Qc2 28.
Qe2 Ba4 29. Qf3 Bxb3 0-1